<?xml version="1.0" encoding="UTF-8"?>
<record
    xmlns:xsi="http://www.w3.org/2001/XMLSchema-instance"
    xsi:schemaLocation="http://www.loc.gov/MARC21/slim http://www.loc.gov/standards/marcxml/schema/MARC21slim.xsd"
    xmlns="http://www.loc.gov/MARC21/slim">

  <leader>00200nam a2200085   4500</leader>
  <controlfield tag="001">1256723</controlfield>
  <controlfield tag="005">20260105133611.0</controlfield>
  <datafield tag="245" ind1=" " ind2=" ">
    <subfield code="a">&#x15E;&#x130;R&#x130;N ANLATMAZSAM &#xC7;ATLARIM</subfield>
    <subfield code="c">B&#x130;RSEN EK&#x130;M &#xD6;ZEN</subfield>
  </datafield>
  <datafield tag="260" ind1=" " ind2=" ">
    <subfield code="b">T&#x130;MA&#x15E;</subfield>
  </datafield>
  <datafield tag="999" ind1=" " ind2=" ">
    <subfield code="c">1256723</subfield>
    <subfield code="d">1256723</subfield>
  </datafield>
  <datafield tag="952" ind1=" " ind2=" ">
    <subfield code="0">0</subfield>
    <subfield code="1">0</subfield>
    <subfield code="2">ddc</subfield>
    <subfield code="4">0</subfield>
    <subfield code="7">0</subfield>
    <subfield code="a">1031</subfield>
    <subfield code="b">1031</subfield>
    <subfield code="d">2026-01-05</subfield>
    <subfield code="l">6</subfield>
    <subfield code="o">&#xD6;2</subfield>
    <subfield code="p">1031618</subfield>
    <subfield code="q">2026-04-25</subfield>
    <subfield code="r">2026-04-10 11:47:37</subfield>
    <subfield code="s">2026-04-10</subfield>
    <subfield code="w">2026-01-05</subfield>
    <subfield code="y">BK</subfield>
  </datafield>
</record>
